[Event "HUN-chT2 Barcza 1112 "]
[Site "Hungary"]
[Date "2012.02.19"]
[Round "6"]
[White "Sandor, Lajos"]
[Black "Fabian, Lajos2222"]
[Result "0-1"]
[WhiteElo "1847"]
[BlackElo "2202"]
[PlyCount "68"]
[EventDate "2011.09.25"]
[EventType "team-tourn"]
[EventRounds "11"]
[EventCountry "HUN"]
[SourceTitle "EXT 2013"]
[Source "ChessBase"]
[SourceDate "2012.11.22"]
[SourceVersion "1"]
[SourceVersionDate "2012.11.22"]
[SourceQuality "1"]
[WhiteTeam "Tiszavasvar"]
[BlackTeam "Sajoszentpeter"]
[WhiteTeamCountry "HUN"]
[BlackTeamCountry "HUN"]

1. e4 e5 2. Nf3 Nc6 3. Bc4 Bc5 4. d3 h6 5. 0-0 d6 6. h3 Nf6 7. a3 a6 8. Be3 Bxe3 9. fxe3 0-0 10. Nc3 b5 11. Ba2 b4 12. Nd5 bxa3 13. Nxf6+ Qxf6 14. Nd4 Qg5 15. Nxc6 Bxh3 16. Qf3 axb2 17. Rab1 Be6 18. Rxb2 h5 19. Ra1 Bg4 20. Qf2 h4 21. Bd5 Rac8 22. Rxa6 Be6 23. Ra7 Bxd5 24. exd5 f5 25. Qf3 e4 26. dxe4 fxe4 27. Qh3 Rce8 28. Rxc7 Rf3 29. Ne7+ Rxe7 30. Qc8+ Rf8 31. Qh3 Rxc7 32. Qe6+ Rcf7 33. Qxe4 Rf1+ 34. Kh2 Qg3# 0-1

[Event "HUN-chT2 Barcza 1112 "]
[Site "Hungary"]
[Date "2011.11.27"]
[Round "4"]
[White "Sandor, Lajos"]
[Black "Debreceni, Mate"]
[Result "0-1"]
[WhiteElo "1847"]
[BlackElo "1883"]
[PlyCount "30"]
[EventDate "2011.09.25"]
[EventType "team-tourn"]
[EventRounds "11"]
[EventCountry "HUN"]
[SourceTitle "EXT 2013"]
[Source "ChessBase"]
[SourceDate "2012.11.22"]
[SourceVersion "1"]
[SourceVersionDate "2012.11.22"]
[SourceQuality "1"]
[WhiteTeam "Tiszavasvar"]
[BlackTeam "Debrecen Sakkbaratok"]
[WhiteTeamCountry "HUN"]
[BlackTeamCountry "HUN"]

1. e4 e5 2. c4 Bc5 3. Nc3 d6 4. a3 a5 5. h3 Nc6 6. Nf3 f5 7. exf5 Bxf5 8. Be2 e4 9. Nh2 Qh4 10. 0-0 Ne5 11. Qb3 Nf6 12. Qxb7 0-0 13. Nd5 Nxd5 14. Qxd5+ Kh8 15. d4 c6 0-1

[Event "HUN-chT2 Barcza 1011"]
[Site "Hungary"]
[Date "2011.03.27"]
[Round "7.8"]
[White "Sandor, Lajos"]
[Black "Duzs, Jozsef"]
[Result "0-1"]
[WhiteElo "1847"]
[BlackElo "2066"]
[PlyCount "88"]
[EventDate "2010.09.12"]
[EventType "team-tourn"]
[EventRounds "11"]
[EventCountry "HUN"]
[SourceTitle "EXT 2012"]
[Source "ChessBase"]
[SourceDate "2011.11.24"]
[SourceVersion "1"]
[SourceVersionDate "2011.11.24"]
[SourceQuality "1"]
[WhiteTeam "Tiszavasvar"]
[BlackTeam "Edeleny"]
[WhiteTeamCountry "HUN"]
[BlackTeamCountry "HUN"]

1. e4 e6 2. Nf3 d5 3. e5 c5 4. c3 Nc6 5. d4 Qb6 6. a3 Nge7 7. dxc5 Qxc5 8. Be3 Qa5 9. b4 Qc7 10. Bb5 Bd7 11. 0-0 Nxe5 12. Nxe5 Bxb5 13. Nd3 Nf5 14. Re1 Bd6 15. Bc5 Bxh2+ 16. Kh1 Bd6 17. Bxd6 Qxd6 18. a4 Bxd3 19. Qxd3 0-0 20. Nd2 Qf4 21. Kg1 Rfc8 22. g3 Qc7 23. Rac1 a6 24. c4 dxc4 25. Rxc4 Qd6 26. Qc3 Rxc4 27. Nxc4 Qc6 28. Qd3 Rc8 29. Ne5 Qxa4 30. Rd1 h6 31. g4 Nh4 32. Qd6 Qe8 33. Rd3 f6 34. Nd7 Rc6 35. Qf4 e5 36. Qd2 Qxd7 37. Qa2+ Qe6 38. Qb1 Qxg4+ 39. Rg3 Qc4 40. Kh2 Qc2 41. Qe1 Rc4 42. Qg1 g5 43. Qe1 Rf4 44. Rc3 Rxf2+ 0-1

[Event "HUN-chT2 Barcza 0910"]
[Site "Hungary"]
[Date "2009.12.06"]
[Round "3.10"]
[White "Halmi, Bence"]
[Black "Sandor, Lajos"]
[Result "1-0"]
[WhiteElo "2036"]
[BlackElo "1868"]
[PlyCount "137"]
[EventDate "2009.11.08"]
[EventType "team-tourn"]
[EventRounds "11"]
[EventCountry "HUN"]
[SourceTitle "EXT 2011"]
[Source "ChessBase"]
[SourceDate "2010.11.26"]
[SourceVersion "1"]
[SourceVersionDate "2010.11.26"]
[SourceQuality "1"]
[WhiteTeam "Kazincbarcika"]
[BlackTeam "Tiszavasvar"]
[WhiteTeamCountry "HUN"]
[BlackTeamCountry "HUN"]

1. e4 c5 2. Nf3 Nc6 3. Bb5 e6 4. Bxc6 dxc6 5. 0-0 Be7 6. c3 Qc7 7. d4 cxd4 8. cxd4 Nf6 9. Re1 0-0 10. Nc3 b6 11. Qc2 Rd8 12. Bg5 Ne8 13. Bxe7 Qxe7 14. Rad1 Bb7 15. d5 cxd5 16. exd5 Qf6 17. Qb3 Nd6 18. Ne5 Qg5 19. f3 Qe7 20. dxe6 Qxe6 21. Qxe6 fxe6 22. Nd3 Kf7 23. Nf4 Nc4 24. b3 Rxd1 25. Rxd1 Ne5 26. Nb5 Bd5 27. Nxd5 exd5 28. Rxd5 Kf6 29. Kf2 Rc8 30. Nd4 Nd3+ 31. Ke3 Ne1 32. Kf2 Nd3+ 33. Kg3 Nc5 34. Rf5+ Kg6 35. h4 h6 36. h5+ Kh7 37. Rf7 Rd8 38. Nf5 Rd7 39. Rxd7 Nxd7 40. Kf4 Nc5 41. Ke3 Nd7 42. Ne7 g5 43. hxg6+ Kg7 44. f4 Kf6 45. Nc6 h5 46. Nxa7 Kxg6 47. b4 Kf5 48. Kf3 Nf6 49. Nc6 Nd5 50. Nd4+ Kf6 51. a3 Nc3 52. g4 hxg4+ 53. Kxg4 Nd5 54. Nc6 Ne3+ 55. Kf3 Nc2 56. a4 Kf5 57. a5 bxa5 58. bxa5 Na3 59. a6 Nb5 60. a7 Nc7 61. Nd4+ Kf6 62. Ke4 Ke7 63. Ke5 Kd7 64. Nb5 Na8 65. f5 Kc6 66. f6 Kxb5 67. f7 Nb6 68. f8Q Nd7+ 69. Kd5 1-0

[Event "HUN-chT2 Barcza 0708"]
[Site "Hungary"]
[Date "2007.11.11"]
[Round "2"]
[White "Bodis, Laszlo"]
[Black "Sandor, Lajos"]
[Result "0-1"]
[WhiteElo "2062"]
[BlackElo "1938"]
[PlyCount "98"]
[EventDate "2007.10.14"]
[EventType "team"]
[EventRounds "11"]
[EventCountry "HUN"]
[SourceTitle "EXT 2009"]
[Source "ChessBase"]
[SourceDate "2008.11.26"]
[SourceVersion "1"]
[SourceVersionDate "2008.11.26"]
[SourceQuality "1"]
[WhiteTeam "Hajduszoboszlo"]
[BlackTeam "Tiszavasvar"]
[WhiteTeamCountry "HUN"]
[BlackTeamCountry "HUN"]

1. e4 c5 2. Nf3 a6 3. d4 cxd4 4. Nxd4 Qc7 5. Nc3 e6 6. Be2 Be7 7. 0-0 Nf6 8. Nb3 Nc6 9. Be3 b5 10. a3 Bb7 11. f4 d6 12. Bf3 0-0 13. Qe1 Rab8 14. g4 Nd7 15. Qf2 Ba8 16. h4 Nb6 17. Bxb6 Rxb6 18. Kg2 Bf6 19. Qe3 Rc8 20. g5 Be7 21. Rfe1 Rbb8 22. Nd4 Nxd4 23. Qxd4 e5 24. Qd2 Qc5 25. Rec1 Rc7 26. Kh3 g6 27. Nd5 Bxd5 28. exd5 exf4 29. Qxf4 Bf8 30. c3 Qf2 31. Rab1 Rc4 32. Qg3 Qd2 33. Rd1 Qc2 34. Qg2 Qb3 35. Re1 Bg7 36. Bd1 Qa2 37. Be2 Rf4 38. Qg3 Be5 39. Qd3 Rc8 40. Rf1 Rcc4 41. Rxf4 Rxf4 42. Bd1 Rf2 43. h5 Rh2+ 44. Kg4 Rg2+ 45. Kh4 Rxb2 46. Rxb2 Qxb2 47. Be2 Bxc3 48. a4 Be5 49. h6 Qb4+ 0-1

[Event "HUN-chT2 Barcza 0708"]
[Site "Hungary"]
[Date "2007.10.14"]
[Round "1"]
[White "Hajdu, Sandor"]
[Black "Sandor, Lajos"]
[Result "1/2-1/2"]
[WhiteElo "1954"]
[BlackElo "1938"]
[PlyCount "37"]
[EventDate "2007.10.14"]
[EventType "team"]
[EventRounds "11"]
[EventCountry "HUN"]
[SourceTitle "EXT 2009"]
[Source "ChessBase"]
[SourceDate "2008.11.26"]
[SourceVersion "1"]
[SourceVersionDate "2008.11.26"]
[SourceQuality "1"]
[WhiteTeam "Mezokovesd"]
[BlackTeam "Tiszavasvar"]
[WhiteTeamCountry "HUN"]
[BlackTeamCountry "HUN"]

1. e4 c5 2. Nf3 a6 3. d4 cxd4 4. Nxd4 e6 5. Bd3 Qc7 6. 0-0 Nf6 7. Nc3 Be7 8. Be3 0-0 9. f4 d6 10. h3 Nc6 11. Nb3 b5 12. a4 b4 13. Ne2 a5 14. Ned4 Nxd4 15. Nxd4 Bb7 16. f5 e5 17. Nb5 Qc6 18. Bg5 Qc5+ 19. Kh1 1/2-1/2

[Event "HUN-chT2 Barcza 0607"]
[Site "Hungary"]
[Date "2007.05.06"]
[Round "10"]
[White "Sandor, Lajos"]
[Black "Kristofori, Attila"]
[Result "0-1"]
[WhiteElo "1991"]
[BlackElo "2227"]
[PlyCount "66"]
[EventDate "2006.11.12"]
[EventType "team"]
[EventRounds "11"]
[EventCountry "HUN"]
[SourceTitle "EXT 2008"]
[Source "ChessBase"]
[SourceDate "2007.11.25"]
[SourceVersion "1"]
[SourceVersionDate "2007.11.25"]
[SourceQuality "1"]
[WhiteTeam "Tiszavasvar"]
[BlackTeam "Munkacs"]
[WhiteTeamCountry "HUN"]
[BlackTeamCountry "HUN"]

1. e4 c5 2. Nf3 e6 3. d4 cxd4 4. Nxd4 a6 5. c4 Nf6 6. Nc3 Bb4 7. Bg5 Qa5 8. Bxf6 Bxc3+ 9. Ke2 gxf6 10. Nb3 Qh5+ 11. f3 Be5 12. g4 Qh6 13. Qc2 Nc6 14. Rd1 b5 15. h4 bxc4 16. Qxc4 a5 17. Nc5 Rb8 18. b3 Rb4 19. Qc1 Qxc1 20. Rxc1 Bd4 21. Kd2 Ke7 22. Nd3 Rb8 23. f4 Ba6 24. Bg2 Rhc8 25. g5 Nb4 26. gxf6+ Kxf6 27. e5+ Ke7 28. Nxb4 axb4 29. Be4 h6 30. Rcg1 Bxg1 31. Rxg1 Rg8 32. Rh1 Rbc8 33. Ke3 Rc3+ 0-1

[Event "HUN-chT2 Barcza 0607"]
[Site "Hungary"]
[Date "2007.03.25"]
[Round "7"]
[White "Sandor, Lajos"]
[Black "Runda, Mate Bence"]
[Result "0-1"]
[WhiteElo "1991"]
[BlackElo "1540"]
[PlyCount "112"]
[EventDate "2006.11.12"]
[EventType "team"]
[EventRounds "11"]
[EventCountry "HUN"]
[SourceTitle "EXT 2008"]
[Source "ChessBase"]
[SourceDate "2007.11.25"]
[SourceVersion "1"]
[SourceVersionDate "2007.11.25"]
[SourceQuality "1"]
[WhiteTeam "Tiszavasvar"]
[BlackTeam "Miskolc EMSE II"]
[WhiteTeamCountry "HUN"]
[BlackTeamCountry "HUN"]

1. e4 e6 2. Nf3 d5 3. e5 c5 4. c3 Nc6 5. d4 Qb6 6. Na3 cxd4 7. cxd4 Bb4+ 8. Bd2 Bxa3 9. bxa3 Nxd4 10. Rb1 Nxf3+ 11. gxf3 Qc7 12. f4 Ne7 13. Bd3 Bd7 14. Qg4 g6 15. Bb4 Bc6 16. Qg5 Nc8 17. h4 a5 18. Bc5 b6 19. Be3 d4 20. Bd2 Bxh1 21. Bb5+ Bc6 22. Rc1 Na7 23. Be2 Qe7 24. Qg3 Rc8 25. h5 Qd8 26. f5 Be4 27. fxe6 Rxc1+ 28. Bxc1 fxe6 29. Bg5 Qc7 30. f3 Bf5 31. Bd2 Rf8 32. Bd1 Bc2 33. Be2 Qc6 34. hxg6 hxg6 35. Kf2 Qc5 36. Kg2 Qxa3 37. Qg4 Bf5 38. Qxd4 Qc5 39. Qh4 Qxe5 40. Qa4+ b5 41. Qd1 Rh8 42. f4 Qd5+ 43. Bf3 Be4 44. Bxe4 Qxe4+ 45. Kg3 Qd3+ 46. Kg2 Qh3+ 47. Kf2 Qh2+ 48. Ke3 Qg3+ 49. Kd4 Rh5 50. Qe2 Qg1+ 51. Be3 Rd5+ 52. Kc3 Qa1+ 53. Kb3 Qb1+ 54. Kc3 b4+ 55. Kc4 Qe4+ 56. Kb3 Qd3+ 0-1

[Event "HUN-chT2 Barcza 0607"]
[Site "Hungary"]
[Date "2007.03.04"]
[Round "6"]
[White "Sandor, Lajos"]
[Black "Botragyi, Tibor"]
[Result "0-1"]
[WhiteElo "1991"]
[BlackElo "2156"]
[PlyCount "92"]
[EventDate "2006.11.12"]
[EventType "team"]
[EventRounds "11"]
[EventCountry "HUN"]
[SourceTitle "EXT 2008"]
[Source "ChessBase"]
[SourceDate "2007.11.25"]
[SourceVersion "1"]
[SourceVersionDate "2007.11.25"]
[SourceQuality "1"]
[WhiteTeam "Tiszavasvar"]
[BlackTeam "Lokomotiv"]
[WhiteTeamCountry "HUN"]
[BlackTeamCountry "HUN"]

1. e4 c5 2. Nf3 Nc6 3. Be2 g6 4. 0-0 Bg7 5. Bc4 Nf6 6. d3 d5 7. exd5 Nxd5 8. Ng5 0-0 9. a4 b6 10. Qf3 e6 11. Qh3 h6 12. Ne4 e5 13. Qf3 Nd4 14. Qd1 Bb7 15. c3 Ne6 16. Na3 Kh7 17. Nb5 f5 18. Ned6 Bc6 19. Qb3 Ndf4 20. Bxe6 Qg5 21. Bd5 Bxd5 22. Qxd5 Nxd5 23. Bxg5 hxg5 24. Rfe1 a6 25. Na3 Rad8 26. Ndc4 Rfe8 27. g3 Re6 28. Rad1 Nc7 29. f4 gxf4 30. gxf4 exf4 31. Rxe6 Nxe6 32. Nxb6 g5 33. Nc2 Kg6 34. Ne1 g4 35. Rd2 f3 36. h3 Bh6 37. Rc2 Be3+ 38. Kf1 Ng5 39. hxg4 fxg4 40. Nc4 Bf4 41. b4 cxb4 42. cxb4 Rh8 43. Kg1 g3 44. Ne5+ Bxe5 45. Rc6+ Kf5 46. Nc2 Nh3+ 0-1

[Event "HUN-chT2 Barcza 0607"]
[Site "Hungary"]
[Date "2006.11.12"]
[Round "1"]
[White "Sandor, Lajos"]
[Black "Zilahi, Tamas"]
[Result "1-0"]
[WhiteElo "1991"]
[BlackElo "1761"]
[PlyCount "63"]
[EventDate "2006.11.12"]
[EventType "team"]
[EventRounds "11"]
[EventCountry "HUN"]
[SourceTitle "EXT 2008"]
[Source "ChessBase"]
[SourceDate "2007.11.25"]
[SourceVersion "1"]
[SourceVersionDate "2007.11.25"]
[SourceQuality "1"]
[WhiteTeam "Tiszavasvar"]
[BlackTeam "Szabolcs Volan"]
[WhiteTeamCountry "HUN"]
[BlackTeamCountry "HUN"]

1. e4 c5 2. Nf3 d6 3. Be2 Nf6 4. d3 e6 5. 0-0 Nc6 6. c3 Be7 7. h3 0-0 8. Be3 Qc7 9. Nbd2 d5 10. Rc1 Rd8 11. Qc2 b6 12. Bg5 dxe4 13. dxe4 Bb7 14. Bh4 Rd7 15. Nc4 b5 16. Bg3 Qd8 17. Ne3 c4 18. Rcd1 Rxd1 19. Rxd1 Qe8 20. b3 cxb3 21. axb3 a6 22. e5 Nd7 23. Bd3 h6 24. Qe2 Rd8 25. Ng4 Nc5 26. Bc2 Rxd1+ 27. Qxd1 Qd8 28. Qe2 Nb8 29. Nd2 Qa5 30. b4 Qa1+ 31. Nb1 Na4 32. Qd3 1-0

[Event "HUN-chT2 Barcza 0405"]
[Site "Hungary"]
[Date "2005.02.06"]
[Round "7"]
[White "Baranyai, Antal"]
[Black "Sandor, Lajos"]
[Result "0-1"]
[WhiteElo "1858"]
[BlackElo "1799"]
[PlyCount "136"]
[EventDate "2004.09.26"]
[EventType "team"]
[EventRounds "11"]
[EventCountry "HUN"]
[SourceTitle "EXT 2009"]
[Source "ChessBase"]
[SourceDate "2008.11.26"]
[SourceVersion "1"]
[SourceVersionDate "2008.11.26"]
[SourceQuality "1"]
[WhiteTeam "Nadudvar"]
[BlackTeam "Tiszavasvar"]
[WhiteTeamCountry "HUN"]
[BlackTeamCountry "HUN"]

1. e4 c5 2. Nf3 a6 3. a4 Nc6 4. c3 Nf6 5. d3 e6 6. Be2 Be7 7. 0-0 0-0 8. Re1 Qc7 9. Nbd2 d6 10. Nf1 Bd7 11. Bf4 b5 12. Qc2 Rfb8 13. axb5 axb5 14. d4 Nd8 15. dxc5 Qxc5 16. Bd3 e5 17. Bg5 Ne6 18. Be3 Qc7 19. Ng3 Ng4 20. Bd2 Qb6 21. Nh1 Nc5 22. h3 Nf6 23. Be3 Qc7 24. Ng3 Bc6 25. Bxc5 dxc5 26. Qe2 c4 27. Bc2 g6 28. Red1 Nd7 29. Qd2 Rd8 30. Qh6 Rxa1 31. Rxa1 f6 32. h4 Rb8 33. b4 Nf8 34. Qe3 Ra8 35. Rxa8 Bxa8 36. h5 Bc6 37. Nh4 Be8 38. hxg6 hxg6 39. Qh6 Bd8 40. Nf1 Qh7 41. Qxh7+ Kxh7 42. Ne3 Ne6 43. Nd5 Nf4 44. Nxf4 exf4 45. Nf3 Kg7 46. Nd4 Bd7 47. Kf1 Kf7 48. f3 Ke7 49. Ne2 g5 50. Nd4 Kd6 51. Ke2 Ke5 52. Ke1 Bb6 53. Ne2 Be3 54. Kd1 g4 55. Ke1 gxf3 56. gxf3 Bh3 57. Bd1 Bg2 58. Nd4 Bxd4 59. cxd4+ Kxd4 60. Kd2 c3+ 61. Kc2 Bf1 62. Kb3 Bd3 63. Bc2 Be2 64. e5 fxe5 65. Be4 Bd3 66. Bc6 c2 67. Kb2 Kc4 68. Kc1 Kxb4 0-1